มุมมองปกติ
มุมมองแบบ MARC
- Choi, Byung Kwan
รายการ Personal Name
001 - CONTROL NUMBER
- control field: 20449
003 - CONTROL NUMBER IDENTIFIER
- control field: NALT
005 - DATE AND TIME OF LATEST TRANSACTION
- control field: 20171113133823.0
008 - FIXED-LENGTH DATA ELEMENTS
- fixed length control field: 171113|| aca||aabn | a|a d
040 ## - CATALOGING SOURCE
- Original cataloging agency: NALT
100 ## - HEADING--PERSONAL NAME
- Personal name: Choi, Byung Kwan
